| 000 | 01109nam a22003377a 4500 | ||
|---|---|---|---|
| 001 | BR0303340 | ||
| 003 | BR-BrBNA | ||
| 005 | 20230928101312.0 | ||
| 007 | ta | ||
| 008 | 230509b bl.||||| |||| 00| 0 por d | ||
| 040 |
_aBR-BrBNA _bpor _cBiblioteca Nacional de Agricultura |
||
| 041 | _a(Por) | ||
| 072 |
_aF30 _b1112 |
||
| 090 | _ 1112 BR0303340 | ||
| 100 | 1 | _aKido, L.M.H. | |
| 110 | 1 |
_aCentro de Energia Nuclear na Agricultura, Piracicaba, SP (Brasil) _0Tese (Doutor em Ciências) |
|
| 245 | 1 | _aIrradiação de gemas axilares, suspensão celular e protoplastos de bananeira cv. Maçã (Musa spp.), visando a seleção de mutantes resistentes à salinidade | |
| 260 | 3 |
_aPiracicaba, SP (Brasil): _c2003. |
|
| 300 | _a136 p. | ||
| 500 | _aSummaries (Eng, Por); Bibliography p. 112-136; 45 illus.; 20 tables | ||
| 650 | _aBANANA MAÇA | ||
| 650 | _aCARBONO | ||
| 650 | _aCLORETO DE SÓDIO | ||
| 650 | _aCULTURA DE TECIDO | ||
| 650 | _aELETROFORESE | ||
| 650 | _aANÁLISE QUÍMICA | ||
| 650 | _aMUTAÇÃO | ||
| 650 | _aGENÉTICA | ||
| 909 |
_a202309 _bLucia _c55 _dLucia Elande |
||
| 942 | _cBK | ||
| 999 |
_c65166 _d65166 |
||